<?xml version="1.0" encoding="UTF-8"?><?xml-stylesheet type="text/xsl" href="static/style.xsl"?><OAI-PMH xmlns="http://www.openarchives.org/OAI/2.0/" xmlns:xsi="http://www.w3.org/2001/XMLSchema-instance" xsi:schemaLocation="http://www.openarchives.org/OAI/2.0/ http://www.openarchives.org/OAI/2.0/OAI-PMH.xsd"><responseDate>2026-04-27T22:09:31Z</responseDate><request verb="GetRecord" identifier="oai:uvadoc.uva.es:10324/5645" metadataPrefix="marc">https://uvadoc.uva.es/oai/request</request><GetRecord><record><header><identifier>oai:uvadoc.uva.es:10324/5645</identifier><datestamp>2021-10-29T15:12:45Z</datestamp><setSpec>com_10324_38</setSpec><setSpec>col_10324_787</setSpec></header><metadata><record xmlns="http://www.loc.gov/MARC21/slim" xmlns:doc="http://www.lyncode.com/xoai" xmlns:xsi="http://www.w3.org/2001/XMLSchema-instance" xmlns:dcterms="http://purl.org/dc/terms/" xsi:schemaLocation="http://www.loc.gov/MARC21/slim http://www.loc.gov/standards/marcxml/schema/MARC21slim.xsd">
<leader>00925njm 22002777a 4500</leader>
<datafield tag="042" ind1=" " ind2=" ">
<subfield code="a">dc</subfield>
</datafield>
<datafield tag="720" ind1=" " ind2=" ">
<subfield code="a">Feas Rodríguez, Noa</subfield>
<subfield code="e">author</subfield>
</datafield>
<datafield tag="260" ind1=" " ind2=" ">
<subfield code="c">2014</subfield>
</datafield>
<datafield tag="520" ind1=" " ind2=" ">
<subfield code="a">Las lesiones en los nervios periféricos suponen un problema de gran&#xd;
relevancia socio-sanitaria debido a su frecuencia cada vez más elevada y a sus&#xd;
consecuencias negativas: generan dolor, incapacidad, gastos sanitarios, etc.&#xd;
Numerosos tipos de tratamiento han sido estudiados para conseguir la&#xd;
regeneración de los nervios dañados. En la actualidad, el estándar de&#xd;
tratamiento se basa en el implante de nervio autólogo. Este estudio profundiza&#xd;
en el estándar de tratamiento, llevado a cabo en la rata, como modelo animal.&#xd;
Para ello, hemos realizado una revisión de la literatura científica relacionada,&#xd;
así como un estudio experimental con catorce ratas Wistar, sobre las que hemos&#xd;
llevado a cabo una neurectomía del nervio ciático, que hemos reparado&#xd;
mediante injerto de nervio autólogo tomado del mismo individuo en el que se&#xd;
implanta. La histomorfología y las pruebas de comportamiento motor se&#xd;
realizan a las 3 semanas post-intervención, obteniendo una serie de resultados&#xd;
cualitativos que, en conjunto, señalan una reparación importante coincidente, en&#xd;
general, con la descrita en la literatura científica publicada.</subfield>
</datafield>
<datafield tag="024" ind2=" " ind1="8">
<subfield code="a">http://uvadoc.uva.es/handle/10324/5645</subfield>
</datafield>
<datafield ind1=" " ind2=" " tag="653">
<subfield code="a">Nervios periféricos - Cirugía</subfield>
</datafield>
<datafield tag="245" ind1="0" ind2="0">
<subfield code="a">Reparación de neurectomías experimentales mediante injerto de nervio autólogo en ratas</subfield>
</datafield>
</record></metadata></record></GetRecord></OAI-PMH>